Geography Quiz

Random Geography or State Quiz

Hidden Neighbors of Tennessee Quiz Stats

 Plays Quiz Updated Feb 6, 2018

Challenge
Share
Tweet
Score 0/8 Timer 02:00
11 Plays Today
% Correct
Kentucky
94%
North Carolina
91.4%
Mississippi
87.8%
Alabama
85.7%
Georgia
85.5%
Missouri
84.1%
Virginia
82.8%
Arkansas
82.3%

You're not logged in!

Compare scores with friends on all Sporcle quizzes.
OR
Log In

You Might Also Like...

Show Comments

Extras

Top Quizzes Today


Score Distribution

Your Account Isn't Verified!

In order to create a playlist on Sporcle, you need to verify the email address you used during registration. Go to your Sporcle Settings to finish the process.

Report this User

Report this user for behavior that violates our Community Guidelines.

Details: